| 000 | 00593nam a2200205 i 4500 | ||
|---|---|---|---|
| 001 | 107045 | ||
| 003 | ES-MaACL | ||
| 005 | 20230906184333.0 | ||
| 007 | t| | ||
| 008 | 061121s1958 sp r ||||1| cat d | ||
| 100 | 1 |
_aMoreu-Rey, Enric. _983494 |
|
| 245 | 1 | 3 |
_aEl pro i el contra dels Borja / _cEnric Moreu-Rey. |
| 260 |
_aPalma de Mallorca : _bMiramar, _c1958. |
||
| 300 |
_a121 p. ; _c15 cm. |
||
| 490 | 1 |
_aBiblioteca "Raixa" ; _v32 |
|
| 600 | 3 | 4 |
_aBorja (Familia) _9161441 |
| 830 | 0 |
_aBiblioteca "Raixa" ; _v32 _9181878 |
|
| 852 |
_aES-MaACL _jC-17378 _bR.43813 |
||
| 999 |
_c107045 _d107045 |
||